| 000 | 00711nam a22002295a 4500 | ||
|---|---|---|---|
| 001 | BNC01000000000000001254089 | ||
| 003 | CL-SaCFP | ||
| 005 | 20260212100803.0 | ||
| 008 | 260108s 000 0 spa | ||
| 015 | _acl-2025-xxxx | ||
| 020 | _a9789566289432 | ||
| 040 |
_aclsabn _bspa _cclsabn |
||
| 099 | _albh/20260108 | ||
| 100 | 1 | _aParra, César | |
| 245 | 1 | 0 |
_aHistorias chilenas paranormales / _cCésar Parra. |
| 250 | _aPrimera reimpresión: diceimbre de 2025. | ||
| 264 | 1 |
_aSantiago de Chile : _bPenguin Random House Grupo Editorial, S.A., _c2025. |
|
| 264 | 3 |
_aSantiago-Chile : _bA Impresores S.A., _c2025. |
|
| 300 |
_a215 páginas ; _c23 cm. |
||
| 490 | _aAguilar | ||
| 942 |
_2ddc _cLIBRO |
||
| 999 |
_c16322 _d16322 |
||